000 00535cam a22002291 4500
001 sa 63002586
003 DLC
005 20260227111934.0
008 900213s1962 ii 000 1 beno
010 _asa 63002586
035 _a(OCoLC)21058022
040 _aDLC
_cWaU
_dDLC
042 _apremarc
050 0 0 _aPK1718.M5
_bD8
100 1 _aMitra, Premendra.
245 1 0 _aDūra basanta.
260 _c[1962]
300 _a138 p.
_c22 cm.
500 _aIn Bengali.
500 _aA novel.
700 1 _aDatta, Manindra,
_d1913-
999 _c54536
_d54536